000 00595cam a22002294a 4500
001 15785
003 BD-RjUL
005 20220323162851.0
008 140210r20051976ii b 001 0 eng
020 _a 0070964378
035 _a(BD-RjUL)15840
040 _aDLC
_cBD-RjUL
_dDLC
_beng
041 _aeng
082 0 0 _a657.45
_222
_bGUC 2005
100 1 _aGupta, Kamal
_948955
245 1 0 _aContemporary Auditing /
_cKamal Gupta
250 _a6th ed.
260 _aNew Delhi :
_bTata McGraw-Hill pub.
_cc2005.
300 _axxi, 1530 p. ;
_c24 cm.
650 _aAuditing.
_91990
942 _2ddc
_cBK
999 _c15785
_d15785